000 00684nam a2200253Ia 4500
003 0100
008 130303s9999 xx 000 0 und d
020 _a912411947
040 _cARRUPELIB
050 _aQA28.M191989
100 _aMacDonnell, Joseph
245 _aJesuit geometers
245 _ba study of fifty-six prominent Jesuit geometere during the first...
250 _a1st
260 _aSaint Louis
260 _bInstitute of Jesuit Sources
260 _C1989
300 _aiii
300 _b 80p. 23cm.
440 _aSeries IV--Study aids on Jesuit topics , no. 11
650 _bJesuits - General congregations
700 _aJoseph MacDonnell
942 0 0 _02
999 _c8380
_d8380